000 00796cam a22002771 4500
001 9121
003 BD-RjUL
005 20211208234724.0
008 140120t19601950enka 001 0 eng
035 _a(BD-RjUL)9166
035 _a(OCoLC)10541924
040 _aDLC
_cMnU
_dUk
_dDLC
_dBD-RjUL
_beng
041 _aeng
082 0 0 _a533
_216
_bCOM 1960
100 1 _aCowling, T. G.
_q(Thomas George)
_928312
245 1 0 _aMolecules in motion /
_cT.G. Cowling.
260 _aLondon ;
_aNew York ;
_bNew York :
_bHarper & Brothers,
_c1960
300 _a183 p. :
_bdiagrs. ;
_c19 cm.
490 0 _aHarper torchbooks / The cloister library.
504 _aIncludes index.
650 0 _aGases.
_928313
650 0 _aMolecules.
_925784
942 _2ddc
_cBK
999 _c9121
_d9121